African journal of clinical and experimental microbiology (Record no. 38042)

MARC details
000 -LEADER
fixed length control field 00445nam a2200157Ia 4500
022 ## - INTERNATIONAL STANDARD SERIAL NUMBER
ISSN 1595689X
050 ## - CALL MARK
Classification number QR 46 .A37/
245 #0 - TITLE STATEMENT
Title African journal of clinical and experimental microbiology
260 ## - PUBLICATION, DISTRIBUTION, ETC. (IMPRINT)
Place of publication Ogbomoso
260 ## - PUBLICATION, DISTRIBUTION, ETC. (IMPRINT)
Name of publisher Department of Microbiology, LAUTECH Teaching Hospital.
260 ## - PUBLICATION, DISTRIBUTION, ETC. (IMPRINT)
Year of publication 2015
300 ## - PHYSICAL DESCRIPTION
Number of Pages vi, 1-133 p. : ill. ; 29 cm.
942 ## - ADDED ENTRY ELEMENTS (KOHA)
Koha item type Serials

No items available.